Normal view
MARC view
- HAROON, FAHEEM ULLAH, ASAD
Entry Personal Name
001 - CONTROL NUMBER
- control field: 72125
003 - CONTROL NUMBER IDENTIFIER
- control field: NUST
005 - DATE AND TIME OF LATEST TRANSACTION
- control field: 20210628204739.0
008 - FIXED-LENGTH DATA ELEMENTS
- fixed length control field: 210628|| aca||aabn | a|a d
040 ## - CATALOGING SOURCE
- Original cataloging agency: NUST
- Transcribing agency: NUST
100 ## - HEADING--PERSONAL NAME
- Personal name: HAROON, FAHEEM ULLAH, ASAD
670 ## - SOURCE DATA FOUND
- Source citation: Work cat.: (NUST): HAROON, FAHEEM ULLAH, ASAD, PR-SOF-1002-INTELLIGENT MAXIMUM POWER POINT TRACKING BASED SIGNLE AXIS SOLAR TRACKER, 2010
